000 01658nam a2200349 c 4500
003 BLK
005 20180422115240.0
008 180411b bul|||||r ||||||| ||bul||
010 _aKNG00191753000
040 _aBLK
041 _aBUL
_cBUL
080 _aОрганизация на възпитанието и образованието. Училищно дело.
_b37.09
_x(072)
_z37.09(072)
700 1 _aПавлов, Димитър Андреев
_eавт. на том
_9367411
139 _aДидактически материали за обучението по педагогика
_bД 53
245 1 0 _aДидактически материали за обучението по педагогика
_bСборник : Ч. 1 -
_cавт. на том Димитър Андреев Павлов.
_nТ. 2.
257 _aBGR
260 София
_bСУ Климент Охридски
_c1983 -
300 _c20 см
380 _a3
500 _aИзд. на СУ Климент Охридски. Филос. фак. Кат. Теория и история на педагогиката. - 1 000 тир.
650 4 _aПедагогика - теория и методология
_9263779
650 4 _aУчебно-възпитателна работа
_9246003
650 4 _aМетодика на преподаването
_9264329
653 _aпедагогика
653 _aметодика на преподаването
760 1 _d1985
_h403 с. : с табл.
_tТ. 2.
852 _aЦб 128162
856 4 _qpdf
_u
856 4 _qpdf
_u
942 _cKNG
_n0
944 _aCR
_c06.10.2016
_kПравда_Бадева
944 _aED
_c14.03.2018
_kСимона_Петрова
999 _c182828
_d182828